Cuba (Registro nro. 50576)
[ vista simple ]
| 000 -LEADER | |
|---|---|
| campo de control de longitud fija | 00526nam a2200157 i 4500 |
| 001 - NÚMERO DE CONTROL | |
| campo de control | 50576 |
| 003 - IDENTIFICADOR DE NÚMERO DE CONTROL | |
| campo de control | ES-MaACL |
| 007 - CAMPO FIJO DE DESCRIPCIÓN FÍSICA--INFORMACIÓN GENERAL | |
| campo de control de longitud fija | t| |
| 008 - DATOS DE LONGITUD FIJA--INFORMACIÓN GENERAL | |
| campo de control de longitud fija | 030805s1964 xxu ||||1| spa d |
| 245 00 - MENCIÓN DEL TÍTULO | |
| Título | Cuba |
| Resto del título | : geopolítica y pensamiento económico / |
| Mención de responsabilidad, etc. | de J. Alvarez Díaz... [et al.]. |
| 260 ## - PUBLICACIÓN, DISTRIBUCIÓN, ETC. | |
| Lugar de publicación, distribución, etc. | Miami : |
| Nombre del editor, distribuidor, etc. | Colegio de Economistas de Cuba en el Exilio, |
| Fecha de publicación, distribución, etc. | 1964. |
| 300 ## - DESCRIPCIÓN FÍSICA | |
| Extensión | 576 p. ; |
| Dimensiones | 21 cm. |
| 700 1# - ENTRADA AGREGADA--NOMBRE PERSONAL | |
| Nombre de persona | Alvarez Díaz, J. |
| 9 (RLIN) | 20795 |
| 710 2# - ENTRADA AGREGADA--NOMBRE DE ENTIDAD CORPORATIVA | |
| Nombre de entidad corporativa o nombre de jurisdicción como elemento de entrada | Colegio de Economistas de Cuba en el Exilio. |
| 9 (RLIN) | 2903 |
| 852 ## - LOCALIZACIÓN | |
| Ubicación | ES-MaACL |
| Número de control de estantería | E-8361 |
| Sublocalización o colección | R.92737 |
| Estatus retirado | Estado de pérdida | Estado de daño | No para préstamo | Biblioteca de origen | Biblioteca actual | Ubicación en estantería | Fecha de adquisición | Fuente de adquisición | Total de préstamos | Signatura topográfica completa | Código de barras | Visto por última vez | Precio de reemplazo | Tipo de ítem Koha |
|---|---|---|---|---|---|---|---|---|---|---|---|---|---|---|
| Biblioteca del Ateneo de Madrid | Biblioteca del Ateneo de Madrid | Depósito 2 | 17/01/2008 | E-8361 | 1053198 | 23/02/2023 | 23/02/2023 | Libro impreso |
